| 000 | 00551nam a2200205Ia 4500 | ||
|---|---|---|---|
| 001 | 14954 | ||
| 003 | GE_BSU | ||
| 008 | 181216s||||||||xx |||||||||||||| ||und|| | ||
| 040 | _cGE_BSU | ||
| 080 | _a515.1 | ||
| 100 | _aБолтянский,В.Г. Ефремович,В.А. | ||
| 245 | _aНаглядная топология | ||
| 245 | _cПод.ред.С.П.Новикова | ||
| 260 | _aМосква | ||
| 260 | _bНаука | ||
| 260 | _c1982 | ||
| 300 | _a160стр.20см. | ||
| 653 | _aНаглядная топология | ||
| 942 | _cBK | ||
| 999 |
_c48074 _d48074 |
||